| 000 | 00366nam a2200133Ia 4500 | ||
|---|---|---|---|
| 008 | 170516s9999 xx 000 0 und d | ||
| 245 | _aEffect of PEG Pairing on the Efficiency of Cancer-Targeting Liposomes | ||
| 260 | _bTheranostics | ||
| 260 | _c2015 | ||
| 300 | _a5:7 | ||
| 650 | _xMedical Technology | ||
| 650 | _xMedtech | ||
| 856 | _uhttp://www.thno.org/v5i7 | ||
| 999 |
_c330214 _d330214 |
||